000 00732nam a2200253Ia 4500
003 OSt
005 20220926022950.0
006 a|||||r|||| 00| 0
007 ta
008 220923b |||||||| |||| 00| 0 eng d
020 _a0471959723
037 _cGeneral Book
040 _aRTL
_cRTL
_beng
041 _2eng
_aeng
082 _aB280bX, L2
100 _aWonnacott Thomas H
_9318599
245 0 _aIntroductory statistics for business and economics
260 _aNew York
_bWiley
_c1972
300 _axviii,622p.
_ccm.
650 _aStatistics
_935791
700 _a Wonnacott Ronald J
_9128940
942 _hB280bX, L2
_cGB
_2CC
999 _c640700
_d640700